000 00588nam a2200181 a 4500
001 000044561
005 20201002045449.0
008 140716s1988 txu 000 0 spa d
020 _a0311043569
040 _aDO-SdBNP
_bspa
_cBNPHU
082 _axxxx
_bxxxx
100 1 _aViertel, Weldon E.
_972579
245 1 0 _aVida y ministerio de Cristo /
_cWeldon E. Viertel ; traducción de Rubén O. Zorzoli.
260 _aEl Paso, Tex. :
_bCasa Bautista de Publicaciones,
_c1988.
300 _a190 p. ;
_c21 cm.
504 _aBibliografía : p. 189-190
700 1 2 _aZorzoli, Rubén O.
_etr.
_949693
999 _c44050
_d44050